<?xml version="1.0" encoding="UTF-8"?>
<collection xmlns="http://www.loc.gov/MARC21/slim">
  <record>
    <leader>00000nam  2200000   4500</leader>
    <controlfield tag="001">INLIS000000000016788</controlfield>
    <controlfield tag="005">20240201110525</controlfield>
    <datafield tag="035" ind1="#" ind2="#">
      <subfield code="a">0010-0224000005</subfield>
    </datafield>
    <datafield tag="245" ind1="1" ind2="#">
      <subfield code="a">Tata Cara Pengisian Formulir Pengajuan Percetakan Sertifikat Nomor Induk Koperasi /</subfield>
      <subfield code="c">Eva Puji Eirene Sidabutar</subfield>
    </datafield>
    <datafield tag="100" ind1=" " ind2="#">
      <subfield code="a">Eva Puji Eirene Sidabutar</subfield>
    </datafield>
    <datafield tag="250" ind1="#" ind2="#">
      <subfield code="a">1</subfield>
    </datafield>
    <datafield tag="300" ind1="#" ind2="#">
      <subfield code="a">50 halaman ;</subfield>
      <subfield code="c">30 cm</subfield>
    </datafield>
    <datafield tag="856" ind1="#" ind2="#">
      <subfield code="a">Perpustakaan LAN Pusat</subfield>
    </datafield>
    <datafield tag="260" ind1="#" ind2="#">
      <subfield code="a">Jakarta :</subfield>
      <subfield code="b">Pusbangkader,</subfield>
      <subfield code="c">2021</subfield>
    </datafield>
    <datafield tag="084" ind1="#" ind2="#">
      <subfield code="a">R 082 LATSAR 2021</subfield>
    </datafield>
    <datafield tag="650" ind1="#" ind2="4">
      <subfield code="a">Nomor Induk Koperasi</subfield>
    </datafield>
    <datafield tag="520" ind1="#" ind2="#">
      <subfield code="a">Badan Hukum Koperasi dalam memudahkan monitoring, evaluasi dan pengembangan koperasi secara terarah dan tepat sasaran, Kementerian Koperasi dan UKM telah meluncurkan program pemberian Sertifikat Nomor Induk Koperasi (NIK) dan QR Code. Untuk mewujudkan hal tersebut, maka pemberian Sertifkat Nomor Induk Koperasi (NIK) dan Qr code akan terus dilanjutkan kepada koperasi yang benar-benar aktif kelembagaan dan usahanya. Jika hal ini tidak mendapat perhatian khusus dapat berdampak tidak tercapainya tujuan pemerintah untuk pendataan koperasi dan dapat menimbulkan maraknya koperasi ilegal maupun organisasi yang mengatasnamakan koperasi.</subfield>
    </datafield>
    <datafield tag="990" ind1="#" ind2="#">
      <subfield code="a">23.11.082</subfield>
    </datafield>
  </record>
</collection>
